000 00563nam a22001817a 4500
005 20251108164649.0
008 250721s1982 xx 000 0 ara d
082 1 4 _a519/مخت
100 1 _aالهانسي، مختار محمود
245 1 0 _aمقدمة الطرق الإحصائية /
264 1 _aبيروت :
_bدار النهضة العربية،
_c1982.
300 _a639ص : جداول
650 1 7 _aنظرية الإحتمالات
650 1 7 _aالإحصاء الرياضي
650 1 7 _aالإحصاءات
942 _2ddc
_cBK
999 _c11280
_d11280